<?xml version="1.0" encoding="UTF-8"?>
<record
    xmlns:xsi="http://www.w3.org/2001/XMLSchema-instance"
    xsi:schemaLocation="http://www.loc.gov/MARC21/slim http://www.loc.gov/standards/marcxml/schema/MARC21slim.xsd"
    xmlns="http://www.loc.gov/MARC21/slim">

  <leader>00913nam a22001817a 4500</leader>
  <controlfield tag="008">111125t        xxu||||| |||| 00| 0 eng d</controlfield>
  <datafield tag="020" ind1=" " ind2=" ">
    <subfield code="a">0273703692</subfield>
  </datafield>
  <datafield tag="050" ind1=" " ind2=" ">
    <subfield code="a">HF5635.W412</subfield>
  </datafield>
  <datafield tag="100" ind1=" " ind2=" ">
    <subfield code="a">Weetman, Pauline</subfield>
  </datafield>
  <datafield tag="245" ind1=" " ind2=" ">
    <subfield code="a">Financial and management accounting: an introduction /</subfield>
    <subfield code="c">Pauline Weetman</subfield>
  </datafield>
  <datafield tag="250" ind1=" " ind2=" ">
    <subfield code="a">4th ed.</subfield>
  </datafield>
  <datafield tag="260" ind1=" " ind2=" ">
    <subfield code="a">Harlow:</subfield>
    <subfield code="b">Prentice Hall,</subfield>
    <subfield code="c">c2006.</subfield>
  </datafield>
  <datafield tag="300" ind1=" " ind2=" ">
    <subfield code="a">xxvii, 694 p.:</subfield>
    <subfield code="b">ill (some col)</subfield>
    <subfield code="c">27cm.</subfield>
  </datafield>
  <datafield tag="500" ind1=" " ind2=" ">
    <subfield code="a">Includes index.</subfield>
  </datafield>
  <datafield tag="505" ind1=" " ind2=" ">
    <subfield code="a">Contents: A Conceptual framework: Setting the scene -- Reporting the transactions of a business -- Recognition in financial statements -- Analysis and issues in reporting -- Setting the scene and defining the basic tools of management accounting -- Product costs and stock valuation -- Decision making -- Planning and control -- Capital investment appraisal and business strategy -- Appendices.</subfield>
  </datafield>
  <datafield tag="650" ind1=" " ind2=" ">
    <subfield code="a">Management accounting.</subfield>
  </datafield>
  <datafield tag="942" ind1=" " ind2=" ">
    <subfield code="2">lcc</subfield>
    <subfield code="c">BK</subfield>
  </datafield>
  <datafield tag="999" ind1=" " ind2=" ">
    <subfield code="c">313</subfield>
    <subfield code="d">7813</subfield>
  </datafield>
  <datafield tag="952" ind1=" " ind2=" ">
    <subfield code="0">0</subfield>
    <subfield code="1">0</subfield>
    <subfield code="2">lcc</subfield>
    <subfield code="4">0</subfield>
    <subfield code="7">0</subfield>
    <subfield code="a">WIUC-1</subfield>
    <subfield code="b">WIUC-1</subfield>
    <subfield code="c">GEN</subfield>
    <subfield code="d">2012-04-20</subfield>
    <subfield code="l">0</subfield>
    <subfield code="o">HF5635.W44</subfield>
    <subfield code="p">1849/12</subfield>
    <subfield code="r">2011-11-25 00:00:00</subfield>
    <subfield code="t">1</subfield>
    <subfield code="w">2021-04-14</subfield>
    <subfield code="y">BK</subfield>
  </datafield>
  <datafield tag="952" ind1=" " ind2=" ">
    <subfield code="0">0</subfield>
    <subfield code="1">0</subfield>
    <subfield code="2">lcc</subfield>
    <subfield code="4">0</subfield>
    <subfield code="7">0</subfield>
    <subfield code="a">WIUC-1</subfield>
    <subfield code="b">WIUC-1</subfield>
    <subfield code="d">2012-04-20</subfield>
    <subfield code="l">0</subfield>
    <subfield code="o">HF5635.W441</subfield>
    <subfield code="p">1850/12</subfield>
    <subfield code="r">2012-04-20 00:00:00</subfield>
    <subfield code="t">2</subfield>
    <subfield code="w">2012-04-20</subfield>
    <subfield code="y">BK</subfield>
  </datafield>
  <datafield tag="952" ind1=" " ind2=" ">
    <subfield code="0">0</subfield>
    <subfield code="1">0</subfield>
    <subfield code="2">lcc</subfield>
    <subfield code="4">0</subfield>
    <subfield code="7">0</subfield>
    <subfield code="a">WIUC-1</subfield>
    <subfield code="b">WIUC-1</subfield>
    <subfield code="c">GEN</subfield>
    <subfield code="d">2012-04-20</subfield>
    <subfield code="l">0</subfield>
    <subfield code="o">HF5635.W442</subfield>
    <subfield code="p">1851/12</subfield>
    <subfield code="r">2012-04-20 00:00:00</subfield>
    <subfield code="t">3</subfield>
    <subfield code="w">2012-04-20</subfield>
    <subfield code="y">BK</subfield>
  </datafield>
  <datafield tag="952" ind1=" " ind2=" ">
    <subfield code="0">0</subfield>
    <subfield code="1">0</subfield>
    <subfield code="2">lcc</subfield>
    <subfield code="4">0</subfield>
    <subfield code="7">0</subfield>
    <subfield code="a">WIUC-1</subfield>
    <subfield code="b">WIUC-1</subfield>
    <subfield code="c">GEN</subfield>
    <subfield code="d">2012-04-20</subfield>
    <subfield code="l">0</subfield>
    <subfield code="o">HF5635.W443</subfield>
    <subfield code="p">1852/12</subfield>
    <subfield code="r">2012-04-20 00:00:00</subfield>
    <subfield code="t">4</subfield>
    <subfield code="w">2012-04-20</subfield>
    <subfield code="y">BK</subfield>
  </datafield>
  <datafield tag="952" ind1=" " ind2=" ">
    <subfield code="0">0</subfield>
    <subfield code="1">0</subfield>
    <subfield code="2">lcc</subfield>
    <subfield code="4">0</subfield>
    <subfield code="7">0</subfield>
    <subfield code="a">WIUC-1</subfield>
    <subfield code="b">WIUC-1</subfield>
    <subfield code="c">GEN</subfield>
    <subfield code="d">2012-04-20</subfield>
    <subfield code="l">0</subfield>
    <subfield code="o">HF5635.W444</subfield>
    <subfield code="p">826/11</subfield>
    <subfield code="r">2012-04-20 00:00:00</subfield>
    <subfield code="t">5</subfield>
    <subfield code="w">2012-04-20</subfield>
    <subfield code="y">BK</subfield>
  </datafield>
</record>
